Slovensko v podmienkach demografickej krízy
Demografické zmeny od začiatku 90. rokov v SR a ich základné charakteristiky. Starnutie a prognóza vývoja obyvateľstva do roku 2050. Budúce trendy vývoja ekonomickej aktivity a dopad demografických zmien na ekonomiku.
Enregistré dans:
| Auteur principal: | |
|---|---|
| Format: | Chapitre de livre |
| Langue: | slovaque |
| Sujets: | |
| Tags: |
Pas de tags, Soyez le premier à ajouter un tag!
|
MARC
| LEADER | 00000naa a2200000 4500 | ||
|---|---|---|---|
| 001 | 0142539 | ||
| 005 | 20231006124251.4 | ||
| 041 | 0 | |a slo | |
| 044 | |a SK | ||
| 245 | 1 | 0 | |a Slovensko v podmienkach demografickej krízy |c Rudolf Kostolanský |
| 520 | |a Demografické zmeny od začiatku 90. rokov v SR a ich základné charakteristiky. Starnutie a prognóza vývoja obyvateľstva do roku 2050. Budúce trendy vývoja ekonomickej aktivity a dopad demografických zmien na ekonomiku. | ||
| 610 | 2 | 0 | |a demografia |
| 610 | 2 | 0 | |a demografia ekonomická |
| 610 | 2 | 0 | |a demografia sociálna |
| 610 | 2 | 0 | |a index rozvoja ľudského |
| 610 | 2 | 0 | |a štruktúra obyvateľstva ekonomická |
| 610 | 2 | 0 | |a prognózy demografické |
| 610 | 2 | 0 | |a ukazovatele demografické |
| 100 | 1 | |a Kostolanský, Rudolf | |